Statistics for Kid Ink Charting Songs (Billboard Hot 100)

Click here to take the quiz!

General Stats

  • This quiz has been taken 17 times
  • The average score is 5 of 10

Answer Stats

AlbumWeeks OnPeakArtist(s)Song% Correct
Reflection36 Weeks#12Fifth Harmony ft. Kid InkWorth It
80%
X Files and My Own Lane20 Weeks#60Kid Ink ft. Chris BrownMain Chick
70%
My Own Lane31 Weeks#13Kid Ink ft. Chris BrownShow Me
70%
Full Speed18 Weeks#72Kid Ink ft. Usher & TinasheBody Language
50%
Full Speed1 Week#96Kid Ink ft. Chris BrownHotel
50%
Summer in the Winter14 Weeks#57Kid Ink ft. Fetty WapPromise
50%
Furious 7: Original Motion Picture Soundtrack3 Weeks#70Kid Ink, Tyga, Wale, YG & Rich Homie QuanRide Out
40%
Almost Home1 Week#90Kid Ink ft. Meek Mill & WaleBad Ass
30%
Full Speed20 Weeks#43Kid Ink ft. DeJ LoafBe Real
30%
Neon Future I3 Weeks#90Steve Aoki, Chris Lake & Tujamo ft. Kid InkDelirious (Boneless)
30%

Score Distribution

Percentile by Number Answered

Percent of People with Each Score

Your Score History

You have not taken this quiz